Εισαγωγή στη C++ = Rescued by C++
Saved in:
| Main Author: | |
|---|---|
| Other Authors: | |
| Format: | Book |
| Language: | Greek |
| Published: |
Αθήνα :
Κλειδάριθμος,
1993
|
| Subjects: | |
| Tags: |
Add Tag
No Tags, Be the first to tag this record!
|
MARC
| LEADER | 00000nam a2200000 i 4500 | ||
|---|---|---|---|
| 001 | 1/56546 | ||
| 008 | 960515s1993 gre d | ||
| 020 | |a 960-209-246-7 | ||
| 035 | |l 10028042 | ||
| 040 | |a GR-MY-UA |b gre |e aacr | ||
| 041 | 0 | |a gre | |
| 082 | 0 | |a 005.133 | |
| 100 | 1 | |a Jasma, Kris A. | |
| 245 | 1 | 0 | |a Εισαγωγή στη C++ = |b Rescued by C++ / |c Kris Jasma ; Μεταφραση:Τάκης Αλβάς |
| 260 | |a Αθήνα : |b Κλειδάριθμος, |c 1993 | ||
| 300 | |a 264 σ. | ||
| 500 | |a Περιλαμβάνει ευρετήριο | ||
| 650 | 0 | 0 | |a Programming languages (Electronic computers) |
| 700 | 1 | |a Άλβας, Παναγιώτης. |4 trl | |
| 852 | |a INST |b CHIOS |e 19960515 |h 005.133 JAM |p 005200008394 |q 005200008394 |t BK |y 0 | ||
| 909 | |a Χ |b 043244 | ||